[Event "Copenhagen Chess Challenge 2009"]
[Site "Ballerup"]
[Date "2009.??.??"]
[Round "3"]
[White "Pedersen, Nicolai Vesterbaek"]
[Black "Akdag, Dara Sevkan"]
[Result "1-0"]
[WhiteElo "2417"]
[BlackElo "2199"]
[PlyCount "65"]
[EventDate "2009.??.??"]
[EventType "swiss"]
[EventRounds "9"]
[EventCountry "DEN"]

1. Nf3 Nf6 2. g3 d5 3. Bg2 Bg4 4. c4 c6 5. cxd5 Nxd5 6. d4 e6 7. O-O Be7 8. Ne5
Bh5 9. g4 Bg6 10. e4 Nf6 11. Nc3 Nfd7 12. Nxd7 Nxd7 13. f4 h6 14. f5 exf5 15.
gxf5 Bh7 16. e5 Qb6 17. Kh1 O-O-O 18. Qa4 f6 19. e6 Nb8 20. d5 g6 21. dxc6 bxc6
22. Bf4 Rd4 23. Qc2 Rc4 24. b3 Rc5 25. Be3 gxf5 26. Bxc5 Qxc5 27. b4 Qe5 28.
Nd5 Bd6 29. Nf4 Qd4 30. Rad1 Qxb4 31. Rb1 Qd4 32. Bxc6 Bxf4 33. Bb7+ 1-0

[Event "Copenhagen Chess Challenge 2009"]
[Site "Ballerup"]
[Date "2009.??.??"]
[Round "3"]
[White "Boulan, Laura"]
[Black "Vovk, Oksana"]
[Result "1/2-1/2"]
[WhiteElo "1955"]
[BlackElo "2142"]
[PlyCount "70"]
[EventDate "2009.??.??"]
[EventType "swiss"]
[EventRounds "9"]
[EventCountry "DEN"]

1. e4 e6 2. c3 d5 3. e5 c5 4. f4 Nc6 5. Nf3 f6 6. d4 Qb6 7. Na3 cxd4 8. cxd4
Bb4+ 9. Bd2 Nge7 10. Bxb4 Qxb4+ 11. Qd2 Qxd2+ 12. Kxd2 a6 13. Nc2 O-O 14. Bd3
Bd7 15. Rac1 Rac8 16. Ne3 Ng6 17. Bxg6 hxg6 18. Rhf1 Nb4 19. a3 Nc6 20. b4 Na7
21. Rxc8 Rxc8 22. Rc1 Rxc1 23. Kxc1 Ba4 24. Kb2 Nb5 25. g3 Kh7 26. g4 Kg8 27.
f5 gxf5 28. gxf5 Kf7 29. fxe6+ Kxe6 30. exf6 gxf6 31. h4 Nd6 32. h5 Nf5 33. Ng2
Nh6 34. Nf4+ Kd6 35. Nh4 Bd1 1/2-1/2

[Event "Copenhagen Chess Challenge 2009"]
[Site "Ballerup"]
[Date "2009.??.??"]
[Round "3"]
[White "Kovachev, Daniel Jacobsen"]
[Black "Hoi, Carsten"]
[Result "1/2-1/2"]
[WhiteElo "2256"]
[BlackElo "2387"]
[PlyCount "197"]
[EventDate "2009.??.??"]
[EventType "swiss"]
[EventRounds "9"]
[EventCountry "DEN"]

1. f4 Nf6 2. Nf3 g6 3. g3 Bg7 4. Bg2 O-O 5. O-O d5 6. d3 Nc6 7. c3 Qd6 8. Na3
e5 9. fxe5 Nxe5 10. Nxe5 Qxe5 11. Bf4 Qh5 12. e4 Bg4 13. Qc2 dxe4 14. dxe4 Rad8
15. Qf2 Bh3 16. Bxh3 Qxh3 17. Rae1 Ng4 18. Qg2 Qh5 19. Nc4 Qc5+ 20. Ne3 Nxe3
21. Bxe3 Qc4 22. Bf4 c6 23. a3 h6 24. g4 Rd3 25. Qe2 Rfd8 26. Kg2 Qe6 27. h3
Be5 28. Rf3 Rxf3 29. Qxf3 Bxf4 30. Qxf4 Kg7 31. Rf1 Re8 32. Kg3 Re7 33. Rd1 g5
34. Qf3 Qe5+ 35. Kg2 b5 36. Rd4 a5 37. Qe3 c5 38. Rd8 Qxe4+ 39. Qxe4 Rxe4 40.
Kf3 Rf4+ 41. Kg3 b4 42. cxb4 axb4 43. Rc8 bxa3 44. bxa3 Ra4 45. Rxc5 Rxa3+ 46.
Kg2 Kg6 47. Rc6+ f6 48. Rc7 Ra2+ 49. Kg1 h5 50. Rc4 Re2 51. Ra4 Re3 52. Kg2
Re2+ 53. Kg1 Rb2 54. Rc4 Rb6 55. Kg2 h4 56. Rc7 Rb3 57. Ra7 Rg3+ 58. Kh2 Rf3
59. Kg2 Rb3 60. Rc7 Rg3+ 61. Kh2 Rf3 62. Kg2 Rf4 63. Ra7 Rd4 64. Rb7 Rd8 65.
Ra7 Rf8 66. Rb7 Rf7 67. Rb5 Rd7 68. Rb6 Kf7 69. Ra6 Ke7 70. Rb6 Rd2+ 71. Kg1
Rd6 72. Rb5 Ke6 73. Rf5 Rd5 74. Rf3 Rd4 75. Rf5 Rf4 76. Ra5 Rf3 77. Kg2 Rg3+
78. Kh2 Rd3 79. Rf5 Rd5 80. Rf3 Rd2+ 81. Kg1 Rd6 82. Rf5 Rd5 83. Rf3 f5 84.
gxf5+ Rxf5 85. Ra3 Rb5 86. Ra4 Kf5 87. Rg4 Re5 88. Kh2 Re2+ 89. Kh1 Rf2 90. Ra4
Re2 91. Rg4 Re4 92. Rg2 Re1+ 93. Kh2 Re5 94. Rg4 Ra5 95. Kh1 Ra2 96. Kg1 Re2
97. Kh1 Re4 98. Rg2 Rf4 99. Kh2 1/2-1/2

[Event "Copenhagen Chess Challenge 2009"]
[Site "Ballerup"]
[Date "2009.??.??"]
[Round "3"]
[White "Haubro, Sigfred"]
[Black "Bekker Jensen, David"]
[Result "0-1"]
[WhiteElo "2120"]
[BlackElo "2330"]
[PlyCount "82"]
[EventDate "2009.??.??"]
[EventType "swiss"]
[EventRounds "9"]
[EventCountry "DEN"]

1. Nf3 Nf6 2. b3 g6 3. Bb2 Bg7 4. e3 O-O 5. Be2 d6 6. d4 Nbd7 7. O-O Re8 8. c4
e5 9. dxe5 Ng4 10. Nbd2 Ngxe5 11. Qc2 Nc5 12. Nxe5 dxe5 13. b4 Na6 14. Qc3 Bf5
15. e4 Be6 16. Nb3 Qe7 17. a3 Nb8 18. f4 Nc6 19. f5 Nd4 20. Bg4 Bc8 21. Rae1 b6
22. Nxd4 exd4 23. Qd3 c5 24. Bc1 cxb4 25. axb4 Bb7 26. Qh3 Qxb4 27. fxg6 hxg6
28. Qf3 f5 29. Bxf5 gxf5 30. Qxf5 Qxc4 31. Ba3 d3 32. Qg5 Bxe4 33. Be7 Bh7 34.
Rf4 d2 35. Ref1 Qc3 36. Bf6 Qc5+ 37. Qxc5 bxc5 38. Rg4 Bd3 39. Rxg7+ Kf8 40.
Rd7 Bxf1 41. Kxf1 Re1+ 0-1

[Event "Copenhagen Chess Challenge 2009"]
[Site "Ballerup"]
[Date "2009.??.??"]
[Round "3"]
[White "Hagen, Andreas Skytte"]
[Black "Madsen, Poul Henrik"]
[Result "1-0"]
[WhiteElo "2278"]
[BlackElo "2074"]
[PlyCount "87"]
[EventDate "2009.??.??"]
[EventType "swiss"]
[EventRounds "9"]
[EventCountry "DEN"]

1. e4 c6 2. d4 d5 3. Nc3 dxe4 4. Nxe4 Bf5 5. Ng3 Bg6 6. h4 h6 7. Nf3 Nd7 8. h5
Bh7 9. Bd3 Bxd3 10. Qxd3 e6 11. Bf4 Qa5+ 12. Bd2 Qc7 13. O-O-O Ngf6 14. Ne4
O-O-O 15. g3 Nxe4 16. Qxe4 Nf6 17. Qe2 Rd5 18. Bf4 Bd6 19. Be5 Rd8 20. c4 Ra5
21. Bxf6 gxf6 22. Kb1 Ra6 23. Rd3 Qa5 24. a3 Qf5 25. Ka2 Bf8 26. Nh4 Qa5 27.
Rhd1 Kb8 28. f4 b5 29. c5 Ka8 30. f5 exf5 31. Nxf5 b4 32. Rb3 bxa3 33. Rxa3 Qb5
34. Qxb5 Rxa3+ 35. Kxa3 cxb5 36. Kb4 a6 37. d5 Kb7 38. d6 Kc6 39. Ra1 Ra8 40.
Nd4+ Kb7 41. Rf1 Kc8 42. Rxf6 Bg7 43. Rxf7 Bxd4 44. d7+ 1-0

[Event "Copenhagen Chess Challenge 2009"]
[Site "Ballerup"]
[Date "2009.??.??"]
[Round "3"]
[White "Brauener, Jonathan"]
[Black "Fredericia, Louise Winther"]
[Result "0-1"]
[WhiteElo "1916"]
[BlackElo "2100"]
[PlyCount "72"]
[EventDate "2009.??.??"]
[EventType "swiss"]
[EventRounds "9"]
[EventCountry "DEN"]

1. c4 e5 2. g3 d6 3. Bg2 g6 4. Nc3 Bg7 5. d3 Nf6 6. e4 Nc6 7. Nge2 Be6 8. Nd5
Ne7 9. O-O c6 10. Ndc3 O-O 11. h3 Qd7 12. Kh2 d5 13. cxd5 cxd5 14. f4 dxe4 15.
fxe5 Nfd5 16. d4 f5 17. exf6 Nxf6 18. Nf4 Bc4 19. Re1 Rad8 20. Be3 Nf5 21. Bg1
Nxg3 22. Kxg3 Nh5+ 23. Kh2 Nxf4 24. Rxe4 Nxg2 25. Kxg2 Rde8 26. Rxe8 Qxe8 27.
Qd2 Qc6+ 28. Kh2 Rf3 29. Qg2 Be6 30. d5 Qd6+ 31. Kh1 Rxh3+ 32. Bh2 Be5 33. Re1
Rxh2+ 34. Qxh2 Bxd5+ 35. Nxd5 Bxh2 36. Nc3 Be5 0-1

[Event "Copenhagen Chess Challenge 2009"]
[Site "Ballerup"]
[Date "2009.??.??"]
[Round "3"]
[White "Moller, Arne"]
[Black "Capion, Jon Gotz"]
[Result "0-1"]
[WhiteElo "1903"]
[BlackElo "1662"]
[PlyCount "96"]
[EventDate "2009.??.??"]
[EventType "swiss"]
[EventRounds "9"]
[EventCountry "DEN"]

1. e4 c5 2. Nf3 d6 3. d4 cxd4 4. Nxd4 Nf6 5. Nc3 a6 6. Be2 e5 7. Nb3 Be6 8. O-O
Nbd7 9. Be3 b5 10. f3 Be7 11. Qd2 O-O 12. Rad1 Nb6 13. Nd5 Bxd5 14. exd5 Nbxd5
15. c4 Nxe3 16. Qxe3 bxc4 17. Bxc4 Qc7 18. Rc1 Qa7 19. Qxa7 Rxa7 20. Be2 g6 21.
Rc6 a5 22. f4 Nd5 23. f5 Ne3 24. f6 Bd8 25. Rf3 Nf5 26. g4 a4 27. gxf5 axb3 28.
axb3 Bxf6 29. fxg6 fxg6 30. Bc4+ Kg7 31. Rxd6 e4 32. Rf2 e3 33. Re2 Bh4 34. Kg2
Re7 35. Kh3 Bf2 36. Re6 Rxe6 37. Bxe6 Rd8 38. Bc4 h5 39. Kg2 g5 40. Kf3 Rd4 41.
h3 Kf6 42. Ba6 g4+ 43. hxg4 hxg4+ 44. Kg2 Rd1 45. Rc2 Rg1+ 46. Kh2 g3+ 47. Kh3
Rh1+ 48. Kg4 g2 0-1

[Event "Copenhagen Chess Challenge 2009"]
[Site "Ballerup"]
[Date "2009.??.??"]
[Round "4"]
[White "Rusev, Krasimir"]
[Black "Ivanov, Mikhail"]
[Result "1/2-1/2"]
[WhiteElo "2498"]
[BlackElo "2470"]
[PlyCount "52"]
[EventDate "2009.??.??"]
[EventType "swiss"]
[EventRounds "9"]
[EventCountry "DEN"]

1. d4 Nf6 2. c4 g6 3. Nc3 Bg7 4. e4 d6 5. h3 O-O 6. Nf3 e5 7. dxe5 dxe5 8. Be3
Nbd7 9. Be2 c6 10. c5 Qe7 11. b4 a5 12. a3 Rd8 13. O-O Nf8 14. Qc2 axb4 15.
axb4 Rxa1 16. Rxa1 Nh5 17. Na4 Ne6 18. Nb6 Nd4 19. Bxd4 exd4 20. Nxc8 Rxc8 21.
Rd1 Nf4 22. Bf1 Re8 23. g3 d3 24. Bxd3 Nxd3 25. Rxd3 Qxe4 26. Qb3 Qf5 1/2-1/2

[Event "Copenhagen Chess Challenge 2009"]
[Site "Ballerup"]
[Date "2009.??.??"]
[Round "4"]
[White "Grabarczyk, Miroslaw"]
[Black "Mikkelsen, Nikolaj"]
[Result "1/2-1/2"]
[WhiteElo "2469"]
[BlackElo "2394"]
[PlyCount "57"]
[EventDate "2009.??.??"]
[EventType "swiss"]
[EventRounds "9"]
[EventCountry "DEN"]

1. d4 Nf6 2. c4 g6 3. Nf3 Bg7 4. g3 d5 5. cxd5 Nxd5 6. Bg2 Nb6 7. Nc3 Nc6 8. e3
O-O 9. O-O Re8 10. d5 Na5 11. Nd4 Bd7 12. Rb1 Rc8 13. b4 c5 14. Ne6 fxe6 15.
bxa5 Nc4 16. Rxb7 Nd6 17. Rb3 Qxa5 18. dxe6 Bxe6 19. Bd5 Bf7 20. Bxf7+ Nxf7 21.
Bb2 c4 22. Rb5 Qa6 23. Qd5 Red8 24. Qb7 Qe6 25. Ba1 Rc6 26. Ne2 c3 27. Nf4 Qc8
28. Qxc8 Rdxc8 29. Rc1 1/2-1/2

[Event "Copenhagen Chess Challenge 2009"]
[Site "Ballerup"]
[Date "2009.??.??"]
[Round "4"]
[White "Bekker Jensen, Simon"]
[Black "Brynell, Stellan"]
[Result "1/2-1/2"]
[WhiteElo "2411"]
[BlackElo "2463"]
[PlyCount "117"]
[EventDate "2009.??.??"]
[EventType "swiss"]
[EventRounds "9"]
[EventCountry "DEN"]

1. d4 Nf6 2. c4 e6 3. Nc3 Bb4 4. e3 b6 5. Nge2 Bb7 6. a3 Bd6 7. d5 c6 8. g3 O-O
9. Bg2 Na6 10. O-O Rc8 11. e4 cxd5 12. exd5 exd5 13. Nxd5 Nxd5 14. Bxd5 Bxd5
15. Qxd5 Be7 16. Nc3 Qc7 17. Re1 Bf6 18. Ne4 Qc6 19. Qxc6 Rxc6 20. Nxf6+ Rxf6
21. b4 Rc8 22. Bf4 Re6 23. Red1 Rd8 24. Rd4 Kf8 25. Rad1 Ke8 26. Kf1 f6 27. h4
Re7 28. Bd6 Re6 29. R1d3 Rc8 30. f3 Nc7 31. h5 f5 32. Kf2 Rf6 33. Be5 Rf7 34.
Rd6 Ne6 35. Rc3 Rc6 36. Rd5 Nd8 37. a4 Rh6 38. b5 Rxh5 39. Bb8 Rh2+ 40. Kg1 Ra2
41. Bxa7 Re7 42. Rd1 Re6 43. Rcd3 Nf7 44. f4 Rxa4 45. Rxd7 Re1+ 46. Rxe1+ Kxd7
47. Bxb6 Rxc4 48. Rd1+ Ke6 49. Bf2 Rb4 50. b6 Rb2 51. Rc1 Nd6 52. Rc7 Ne4 53.
Bd4 Rb4 54. Be3 Rb3 55. Bd4 Rb4 56. Be3 Rb3 57. Bd4 Rb4 58. b7 Nd6 59. Bc5
1/2-1/2

[Event "Copenhagen Chess Challenge 2009"]
[Site "Ballerup"]
[Date "2009.??.??"]
[Round "4"]
[White "Janev, Evgeni"]
[Black "Semcesen, Daniel"]
[Result "0-1"]
[WhiteElo "2458"]
[BlackElo "2387"]
[PlyCount "122"]
[EventDate "2009.??.??"]
[EventType "swiss"]
[EventRounds "9"]
[EventCountry "DEN"]

1. e4 e5 2. Bc4 Nf6 3. d3 Nc6 4. Nf3 Be7 5. c3 O-O 6. Nbd2 d5 7. exd5 Nxd5 8.
O-O Bg4 9. h3 Bh5 10. Ne4 Re8 11. Re1 f6 12. a4 Bf7 13. a5 a6 14. Nh4 Bf8 15.
Nf5 Kh8 16. Qf3 Qd7 17. Neg3 Rad8 18. h4 Nce7 19. Nxe7 Bxe7 20. h5 Be6 21. Re4
h6 22. Bd2 Bd6 23. Rh4 Be7 24. Re4 Bd6 25. Rh4 Be7 26. Re4 Bd6 27. Rae1 f5 28.
Rxe5 Bxe5 29. Rxe5 c6 30. d4 f4 31. Bxd5 fxg3 32. Bxe6 gxf2+ 33. Qxf2 Rxe6 34.
Rf5 Re2 35. Qxe2 Qxf5 36. Be1 Rf8 37. Bg3 Qb1+ 38. Kh2 Rf1 39. Be5 Rh1+ 40. Kg3
Qf5 41. Bf4 Kh7 42. c4 Rxh5 43. b4 Qg6+ 44. Kf2 Rf5 45. g3 h5 46. Qe7 Rf7 47.
Qe2 h4 48. Ke3 Re7+ 49. Be5 Qxg3+ 50. Kd2 Qg5+ 51. Kc3 Rf7 52. b5 axb5 53. cxb5
Qc1+ 54. Kb4 Kg8 55. b6 Qb1+ 56. Kc5 Rd7 57. Bd6 Qc1+ 58. Kb4 Rxd6 59. Qe8+ Kh7
60. Qe4+ Rg6 61. Qxh4+ Qh6 0-1

[Event "Copenhagen Chess Challenge 2009"]
[Site "Ballerup"]
[Date "2009.??.??"]
[Round "4"]
[White "Tikkanen, Hans"]
[Black "Lovik, Lasse Ostebo"]
[Result "1/2-1/2"]
[WhiteElo "2425"]
[BlackElo "2289"]
[PlyCount "111"]
[EventDate "2009.??.??"]
[EventType "swiss"]
[EventRounds "9"]
[EventCountry "DEN"]

1. d4 d5 2. c4 c6 3. Nf3 Nf6 4. e3 e6 5. b3 b6 6. Bb2 Nbd7 7. Nbd2 Bb7 8. Bd3
Bd6 9. Ne5 c5 10. O-O cxd4 11. exd4 Ne4 12. cxd5 Nxd2 13. Qxd2 Bxd5 14. Bb5
Bxe5 15. dxe5 O-O 16. Ba3 Nc5 17. Qf4 Qe7 18. Rfe1 f5 19. Bc4 Rfd8 20. Rad1 Qb7
21. Bxc5 bxc5 22. Rd3 Bxc4 23. Qxc4 Rxd3 24. Qxd3 Qc7 25. Qc4 Kf7 26. b4 Rc8
27. Rc1 Qxe5 28. Qa6 Rc7 29. bxc5 Qd5 30. h3 Ke7 31. Qa5 Rd7 32. Qc3 Kf7 33. a3
Qc6 34. Qe5 Rd5 35. Qb8 Rd7 36. Qb4 Rb7 37. Qh4 Rb5 38. Qd4 Rb7 39. Qe5 Rd7 40.
Qf4 Rd5 41. Qb4 Rd7 42. a4 Rb7 43. Qh4 h6 44. Qh5+ Kf6 45. Qh4+ Kf7 46. Qh5+
Kf6 47. Rc3 Ke7 48. Qh4+ Kf7 49. Qh5+ Ke7 50. Qh4+ Kf7 51. Qd4 Rd7 52. Qf4 Qc7
53. Qf3 Rd5 54. c6 Qd6 55. g3 Rc5 56. Rd3 1/2-1/2

[Event "Copenhagen Chess Challenge 2009"]
[Site "Ballerup"]
[Date "2009.??.??"]
[Round "4"]
[White "Smith, Axel"]
[Black "Kovachev, Daniel Jacobsen"]
[Result "1/2-1/2"]
[WhiteElo "2383"]
[BlackElo "2256"]
[PlyCount "75"]
[EventDate "2009.??.??"]
[EventType "swiss"]
[EventRounds "9"]
[EventCountry "DEN"]

1. Nf3 d5 2. d4 Nf6 3. c4 e6 4. Nc3 Be7 5. Bg5 h6 6. Bh4 O-O 7. e3 Ne4 8. Bxe7
Qxe7 9. Rc1 c6 10. Bd3 Nxc3 11. Rxc3 dxc4 12. Bxc4 b6 13. O-O Bb7 14. Bd3 c5
15. dxc5 bxc5 16. Qe2 Nd7 17. Rfc1 Rfc8 18. Ba6 Bxa6 19. Qxa6 Rcb8 20. R1c2 Rb6
21. Qe2 Rab8 22. Ne1 Rb5 23. Nd3 Qd6 24. b3 Ra5 25. g3 Rab5 26. Qf1 a5 27. Qc1
a4 28. Nxc5 Nxc5 29. Rxc5 Rxc5 30. Rxc5 axb3 31. Rc8+ Rxc8 32. Qxc8+ Kh7 33.
axb3 Qd1+ 34. Kg2 Qxb3 35. Kf1 Qd1+ 36. Kg2 Qd5+ 37. Kf1 Qd1+ 38. Kg2 1/2-1/2

[Event "Copenhagen Chess Challenge 2009"]
[Site "Ballerup"]
[Date "2009.??.??"]
[Round "4"]
[White "Veng, Johny"]
[Black "Sahl, Bjarke"]
[Result "1-0"]
[WhiteElo "2240"]
[BlackElo "2366"]
[PlyCount "87"]
[EventDate "2009.??.??"]
[EventType "swiss"]
[EventRounds "9"]
[EventCountry "DEN"]

1. e4 e5 2. Nf3 Nc6 3. Bb5 a6 4. Ba4 Nf6 5. O-O b5 6. Bb3 Be7 7. Re1 O-O 8. a4
Bb7 9. d3 h6 10. Nbd2 d5 11. exd5 Nxd5 12. axb5 axb5 13. Rxa8 Bxa8 14. Nxe5 Nd4
15. c3 Nxb3 16. Nxb3 c5 17. d4 c4 18. Nc5 Qc8 19. Ncd7 Rd8 20. Qh5 g6 21. Qh3
Bg5 22. Bxg5 hxg5 23. Nxf7 Qxd7 24. Nxd8 Qxd8 25. Qe6+ Kg7 26. g3 Qc7 27. f3 b4
28. cxb4 Nxb4 29. Qe8 Nc6 30. Qxa8 Qb6 31. Qe8 Qxd4+ 32. Kh1 Qf6 33. Qe2 Kh6
34. Kg2 Nd4 35. Qe4 Qb6 36. h4 Qxb2+ 37. Kh3 Nf5 38. hxg5+ Kxg5 39. Qf4+ Kf6
40. g4 Qf2 41. Qe5+ Kf7 42. gxf5 Qxf3+ 43. Qg3 Qxf5+ 44. Kg2 1-0

[Event "Copenhagen Chess Challenge 2009"]
[Site "Ballerup"]
[Date "2009.??.??"]
[Round "4"]
[White "Matthiesen, Arne"]
[Black "Gandrud, Vegar Koi"]
[Result "1-0"]
[WhiteElo "2349"]
[BlackElo "2124"]
[PlyCount "95"]
[EventDate "2009.??.??"]
[EventType "swiss"]
[EventRounds "9"]
[EventCountry "DEN"]

1. d4 d5 2. c4 e6 3. Nf3 c6 4. g3 Nf6 5. Nc3 dxc4 6. Ne5 b5 7. Bg2 Nd5 8. e4
Nf6 9. a4 Bb4 10. O-O O-O 11. Bg5 Bxc3 12. bxc3 Qc7 13. Bxf6 gxf6 14. Ng4 Nd7
15. Qf3 Bb7 16. Nxf6+ Nxf6 17. Qxf6 Qd8 18. Qh6 b4 19. cxb4 Qxd4 20. Rad1 Qc3
21. Qg5+ Qg7 22. Qc5 a5 23. bxa5 Qc3 24. Qg5+ Qg7 25. Qe7 Bc8 26. Rd8 c3 27.
Rxf8+ Qxf8 28. Qf6 Rxa5 29. Qxc3 Rxa4 30. Qxc6 Rb4 31. Rd1 Rb8 32. h4 Bb7 33.
Qc7 Ba8 34. Qe5 Rc8 35. Qg5+ Kh8 36. Qf6+ Kg8 37. g4 Bb7 38. g5 Ba6 39. Rd7 Bb5
40. Re7 Be2 41. Kh2 Re8 42. Rd7 Bb5 43. Ra7 Ra8 44. Rxa8 Qxa8 45. h5 Qb8+ 46.
Kh3 h6 47. gxh6 Qf8 48. Qg5+ 1-0

[Event "Copenhagen Chess Challenge 2009"]
[Site "Ballerup"]
[Date "2009.??.??"]
[Round "4"]
[White "Picard, Romain"]
[Black "Schmidt, Tommy B"]
[Result "1/2-1/2"]
[WhiteElo "2339"]
[BlackElo "2167"]
[PlyCount "60"]
[EventDate "2009.??.??"]
[EventType "swiss"]
[EventRounds "9"]
[EventCountry "DEN"]

1. e4 c5 2. Nf3 d6 3. d4 cxd4 4. Nxd4 Nf6 5. Nc3 Nc6 6. Be2 g6 7. Be3 Bg7 8.
O-O O-O 9. Qd2 Nxd4 10. Bxd4 Be6 11. a4 Qa5 12. Rfd1 Rfc8 13. f3 Nd7 14. Kh1
Bxd4 15. Qxd4 Qc5 16. a5 Bc4 17. Bxc4 Qxc4 18. Ra4 Qxd4 19. Rdxd4 Kf8 20. Kg1
Rc5 21. Rdb4 Rb8 22. Ra3 Ne5 23. Rab3 Rxa5 24. Rxb7 Rxb7 25. Rxb7 Ra1+ 26. Kf2
Rc1 27. Nd5 Rxc2+ 28. Kf1 Rc1+ 29. Ke2 Rc2+ 30. Kf1 Rc1+ 1/2-1/2

[Event "Copenhagen Chess Challenge 2009"]
[Site "Ballerup"]
[Date "2009.??.??"]
[Round "4"]
[White "Hove, Esben Kjems"]
[Black "Boulan, Laura"]
[Result "1/2-1/2"]
[WhiteElo "2294"]
[BlackElo "1955"]
[PlyCount "119"]
[EventDate "2009.??.??"]
[EventType "swiss"]
[EventRounds "9"]
[EventCountry "DEN"]

1. d4 d6 2. c4 e5 3. e3 c6 4. Nc3 Nf6 5. Bd3 Be7 6. Nge2 O-O 7. O-O Re8 8. Ng3
Bf8 9. Qc2 Nbd7 10. b3 g6 11. Bb2 Bg7 12. dxe5 Nxe5 13. Be2 h5 14. h3 h4 15.
Nh1 Be6 16. f4 Ned7 17. e4 Qb6+ 18. Nf2 Nc5 19. Bf3 Rad8 20. Rad1 a5 21. Kh1 a4
22. Nxa4 Nxa4 23. bxa4 Qb4 24. e5 dxe5 25. fxe5 Nd7 26. Be2 Nxe5 27. Qb3 Qxb3
28. axb3 Bf5 29. Rxd8 Rxd8 30. Rd1 Rxd1+ 31. Bxd1 Nd3 32. Nxd3 Bxd3 33. Bxg7
Kxg7 34. Kg1 Kf6 35. Kf2 Ke5 36. Ke3 Be4 37. Bf3 Bc2 38. b4 Bxa4 39. Kd3 f5 40.
Be2 g5 41. Bf3 Kf4 42. b5 g4 43. Bxc6 b6 44. Bd7 gxh3 45. gxh3 Ke5 46. Kc3 Bd1
47. Bc6 f4 48. Kd3 Bh5 49. Bd5 Bg6+ 50. Kc3 Bf5 51. Bg2 f3 52. Bxf3 Bxh3 53. c5
bxc5 54. b6 Kd6 55. b7 Kc7 56. Kc4 Bf1+ 57. Kxc5 h3 58. Kd4 Bg2 59. Ke3 Bxf3
60. Kxf3 1/2-1/2

[Event "Copenhagen Chess Challenge 2009"]
[Site "Ballerup"]
[Date "2009.??.??"]
[Round "4"]
[White "Berg, Klaus"]
[Black "Hagen, Andreas Skytte"]
[Result "1-0"]
[WhiteElo "2440"]
[BlackElo "2278"]
[PlyCount "113"]
[EventDate "2009.??.??"]
[EventType "swiss"]
[EventRounds "9"]
[EventCountry "DEN"]

1. Nf3 c5 2. c4 Nf6 3. Nc3 Nc6 4. e3 e5 5. d4 cxd4 6. exd4 e4 7. Ne5 Bb4 8. Be2
O-O 9. O-O Bxc3 10. bxc3 d6 11. Nxc6 bxc6 12. Bg5 h6 13. Bh4 Bf5 14. f3 e3 15.
Bd3 Bxd3 16. Qxd3 Re8 17. Rae1 g5 18. Bg3 Qe7 19. f4 e2 20. Rf2 Ne4 21. Rfxe2
f5 22. c5 dxc5 23. fxg5 hxg5 24. Be5 cxd4 25. cxd4 c5 26. Rxe4 fxe4 27. Qxe4
Qe6 28. Qb7 Qf7 29. Qc6 Rf8 30. h3 Rae8 31. Rb1 cxd4 32. Bxd4 Re6 33. Qc1 Qf4
34. Qc4 Qf7 35. Qc3 Re2 36. Qg3 Qd5 37. Be3 Rf5 38. Rb8+ Kh7 39. Re8 Qf7 40.
Rc8 Rf1+ 41. Kh2 Qf5 42. Rc7+ Kg6 43. Rc5 Rxe3 44. Qxe3 Qf4+ 45. Qxf4 Rxf4 46.
Rc6+ Rf6 47. Rxf6+ Kxf6 48. Kg3 a5 49. h4 Kg6 50. a4 Kh5 51. hxg5 Kxg5 52. Kf3
Kf5 53. Ke3 Ke5 54. Kd3 Kd5 55. Kc3 Kc5 56. g4 Kd5 57. g5 1-0

[Event "Copenhagen Chess Challenge 2009"]
[Site "Ballerup"]
[Date "2009.??.??"]
[Round "4"]
[White "Andreasen, Per Naesby"]
[Black "Knudsen, Jes West"]
[Result "1-0"]
[WhiteElo "2265"]
[BlackElo "2019"]
[PlyCount "51"]
[EventDate "2009.??.??"]
[EventType "swiss"]
[EventRounds "9"]
[EventCountry "DEN"]

1. Nf3 b5 2. e3 b4 3. d4 e6 4. a3 Ba6 5. Bxa6 Nxa6 6. Qe2 Qc8 7. axb4 Nxb4 8.
c3 Nc6 9. O-O Nge7 10. e4 Ng6 11. h4 Be7 12. h5 Nf8 13. Bf4 Qb7 14. b4 Rb8 15.
Nbd2 Rg8 16. Qe3 Qb5 17. e5 Qb7 18. Ne4 Qc8 19. Rfb1 Rb5 20. c4 Rxb4 21. d5
Rxb1+ 22. Rxb1 Nd8 23. Qxa7 exd5 24. cxd5 d6 25. exd6 cxd6 26. Re1 1-0

[Event "Copenhagen Chess Challenge 2009"]
[Site "Ballerup"]
[Date "2009.??.??"]
[Round "4"]
[White "Kristensen, Kaare Hove"]
[Black "Nielsen, Leonard De Freitas"]
[Result "1-0"]
[WhiteElo "2244"]
[BlackElo "1925"]
[PlyCount "43"]
[EventDate "2009.??.??"]
[EventType "swiss"]
[EventRounds "9"]
[EventCountry "DEN"]

1. e4 c5 2. Nf3 e6 3. d4 cxd4 4. Nxd4 a6 5. f4 Qc7 6. Be3 d6 7. Nc3 Nf6 8. Qf3
Nc6 9. O-O-O Be7 10. g4 Nxd4 11. Bxd4 e5 12. fxe5 dxe5 13. Qg3 Bd6 14. Bg1 Bxg4
{(=)} 15. Rd3 g6 16. Be3 Be6 17. Be2 Bc4 18. Rxd6 Qxd6 19. Bxc4 O-O 20. Rd1 Qb4
21. Nd5 Qxc4 22. Nxf6+ 1-0

[Event "Copenhagen Chess Challenge 2009"]
[Site "Ballerup"]
[Date "2009.??.??"]
[Round "4"]
[White "Getz, Nicolai"]
[Black "Brondt, Nicolai Kvist"]
[Result "1-0"]
[WhiteElo "2205"]
[BlackElo "1971"]
[PlyCount "43"]
[EventDate "2009.??.??"]
[EventType "swiss"]
[EventRounds "9"]
[EventCountry "DEN"]

1. e4 c6 2. d3 d5 3. Nd2 Nf6 4. Ngf3 Bg4 5. h3 Bxf3 6. Qxf3 Nbd7 7. Be2 g6 8.
g4 Bg7 9. g5 Ng8 10. Qg2 e6 11. Nb3 Qc7 12. c3 Ne7 13. Be3 O-O-O 14. O-O-O Kb8
15. f3 Ka8 16. h4 f5 17. gxf6 Nxf6 18. h5 Rhg8 19. h6 Bh8 20. Nc5 Qc8 21. d4 b6
22. Ba6 1-0

[Event "Copenhagen Chess Challenge 2009"]
[Site "Ballerup"]
[Date "2009.??.??"]
[Round "4"]
[White "Jorgensen, Kasper Moller"]
[Black "Jorgensen, Dennis"]
[Result "0-1"]
[WhiteElo "1999"]
[BlackElo "2197"]
[PlyCount "58"]
[EventDate "2009.??.??"]
[EventType "swiss"]
[EventRounds "9"]
[EventCountry "DEN"]

1. e4 c6 2. d4 d5 3. Nd2 dxe4 4. Nxe4 Bf5 5. Ng3 Bg6 6. Bc4 e6 7. N1e2 Bd6 8.
O-O Qc7 9. Nc3 Nf6 10. Qe2 O-O 11. Kh1 Nbd7 12. Nce4 Bf4 13. Qf3 Bxc1 14. Raxc1
Rad8 15. Bb3 Nxe4 16. Nxe4 e5 17. c3 Rfe8 18. Rfe1 Re7 19. Ng3 Nf6 20. Nf5 Bxf5
21. Qxf5 exd4 22. Qc5 Ng4 23. g3 Nxf2+ 24. Kg1 Ne4 25. Qf5 Nf6 26. Qc5 Ne4 27.
Qf5 g6 28. Bxf7+ Kg7 29. Qg4 Nf6 0-1

[Event "Copenhagen Chess Challenge 2009"]
[Site "Ballerup"]
[Date "2009.??.??"]
[Round "4"]
[White "Vovk, Oksana"]
[Black "Petrovski, Petruli"]
[Result "1/2-1/2"]
[WhiteElo "2142"]
[BlackElo "1772"]
[PlyCount "99"]
[EventDate "2009.??.??"]
[EventType "swiss"]
[EventRounds "9"]
[EventCountry "DEN"]

1. d4 Nf6 2. c4 e6 3. Nf3 c5 4. e3 g6 5. Nc3 Bg7 6. Be2 O-O 7. O-O b6 8. Qc2
Bb7 9. b3 a6 10. Ba3 d6 11. Rad1 Qc7 12. Rd2 Rd8 13. Rfd1 Nc6 14. d5 Nb4 15.
Qc1 e5 16. Bb2 a5 17. a3 Na6 18. Qa1 Rab8 19. Nb5 Qe7 20. Bd3 e4 21. Bxe4 Nxe4
22. Bxg7 f6 23. Bh6 Nxd2 24. Rxd2 Bc8 25. h4 Bd7 26. Nc3 b5 27. Ne4 Rf8 28.
Bxf8 Rxf8 29. Ng3 Nc7 30. cxb5 Nxb5 31. a4 Nc7 32. Qc3 Ra8 33. Rd1 Bg4 34. e4
Rb8 35. Rc1 Bxf3 36. Qxf3 Qe5 37. h5 Kg7 38. hxg6 hxg6 39. Qc3 Qg5 40. Re1 Rb4
41. Nh1 Kf7 42. f3 Ne8 43. Nf2 Qg3 44. Nd3 Rd4 45. Rd1 f5 46. e5 dxe5 47. Qxc5
Rxd3 48. Rxd3 Qe1+ 49. Kh2 Qh4+ 50. Kg1 1/2-1/2

[Event "Copenhagen Chess Challenge 2009"]
[Site "Ballerup"]
[Date "2009.??.??"]
[Round "4"]
[White "Andersen, Daniel"]
[Black "Brondum, Eric"]
[Result "1/2-1/2"]
[WhiteElo "1940"]
[BlackElo "2138"]
[PlyCount "45"]
[EventDate "2009.??.??"]
[EventType "swiss"]
[EventRounds "9"]
[EventCountry "DEN"]

1. c4 b6 2. e4 e6 3. g3 Bb7 4. Bg2 f5 5. d3 Nf6 6. Nc3 Bb4 7. Nge2 fxe4 8. O-O
O-O 9. dxe4 Nc6 10. a3 Be7 11. h3 Rb8 12. Nd4 a6 13. Nxc6 dxc6 {(=)} 14. Qe2 e5
15. Be3 c5 16. Rad1 Bd6 17. f4 Qe7 18. f5 Kh8 19. g4 b5 20. g5 Ng8 21. Nd5 Bxd5
22. cxd5 c4 23. Qf2 1/2-1/2